00297nam a2200133Ia 45000030006000000080041000060400015000471000023000622450022000852600018001073000009001255460012001340050017001460STCL150530s9999 xx 000 0 und d aSTCLcSTCL aSachin kumar Ghosh aOrganic Chemistry c2010akolkata a1813 aEnglish20220125170308.0